000 00379nam a2200145Ia 4500
008 231019s9999 xx 000 0 und d
020 _a978-1-4462-4918-5
082 _a519.5028
_bFIE-D
100 _aAndy Field
245 0 _aDiscovering Statistics using IBM SPSS Statistics
260 _aIndia
_bSage Publications
_c2015
300 _a915
650 _aAccounting
999 _c34592
_d34592